| 000 | 01208cab a2200361 4500 | ||
|---|---|---|---|
| 001 | ABS50483 | ||
| 008 | 090401t1994 xxu||||| |||| 00| 0 eng d | ||
| 035 | _a(Sirsi) u76071 | ||
| 041 | _aeng | ||
| 100 | _aBrown, J. | ||
| 245 | _aEnforceability of surety covenants | ||
| 260 | _c1994 | ||
| 350 | _a0 | ||
| 490 |
_aRent Review & Lease Renewal _v14(2) March 1994, 18-24(7) |
||
| 520 | _aReviews recent case law on enforceability of surety covenants, and the question of whether the benefit of such a contract can be transmitted to an assignee of the landlord`s reversionary interest. | ||
| 650 | _aASSIGNMENT | ||
| 650 | _aBENEFITS | ||
| 650 | _aCOASTPLACE V HARTLEY | ||
| 650 | _aCORONATION STREET INDUSTRIAL PROPERTIES LTD V INGAL INDUST | ||
| 650 | _aENFORCEABILITY | ||
| 650 | _aGUARANTORS | ||
| 650 | _aKUMAR V DUNNING | ||
| 650 | _aLEASES | ||
| 650 | _aLIABILITY | ||
| 650 | _aORIGINAL TENANT | ||
| 650 | _aP&A SWIFT INVESTMENTS V COMBINED ENGLISH STORES GROUP | ||
| 650 | _aPINEMAIN V WELBECK INTERNATIONAL LTD | ||
| 650 | _aPRIVITY OF CONTRACT | ||
| 650 | _aSURETY COVENANTS | ||
| 690 | _aLANDLORD AND TENANT-BUSINESS TENANCIES | ||
| 942 | _n0 | ||
| 948 | _c04/03/1997 | ||
| 999 |
_c47864 _d47864 |
||